Land vs. Land #138 - Statistiken

Allgemein
  • Dieses Quiz wurde 12 mal gespielt
  • Das Durchschnittsergebnis liegt bei 14 aus 14
Antwortstatistiken
Frage Antwort % Korrekt
...Bruttoinlandsprodukt? Südkorea🇰🇷
100%
...Militär? Südkorea🇰🇷
100%
...Tourismus? Südkorea🇰🇷
100%
...HDI (Human Development Index)? Südkorea🇰🇷
100%
...Happy Planet Index? Südkorea🇰🇷
100%
...Gesundheitswesen? Südkorea🇰🇷
100%
...Frieden? Südkorea🇰🇷
100%
...Lebenserwartung? Südkorea🇰🇷
100%
...durchschnittlicher IQ? Südkorea🇰🇷
100%
...Exportmengen? Südkorea🇰🇷
100%
...Gewinner? Südkorea🇰🇷
100%
...Einwohner? Südkorea🇰🇷
91%
...Bruttoinlandsprodukt pro Kopf? Südkorea🇰🇷
91%
...Fläche? Syrien🇸🇾
82%
Keine übereinstimmenden Quizze gefunden
Verteilung der Resultate
Anzahl Personen mit jedem Resultat
Perzentil nach korrekt beantworteten Fragen
Ihre Resultats-Entwicklung
Sie haben dieses Quiz noch nicht gespielt